00503nam a2200205Ia 4500003000900000008004100009040001300050040001300063041000800076100001600084245008800100250001200188260001100200260000900211300001100220300001200231490002800243490000600271600002000277IT-RoPAU120407s9999 xx 000 0 und d aIT-RoPAU cIT-RoPAU aita aJean Piaget aPsicologia dell’intelligenza. Trad. di Giorgi. Presentazione di A. Marzi. 5. ed. aFirenze aGiunti c1970 a214 p. c20,5 cm aCollezione psicologica  v1 a1. Intelligenza